[Event "XXIII Miedzynarodowy Festiwal Szachowy "]
[Site "Krakow, Hotel Galaxy  ul. Ges"]
[Date "2012.12.29"]
[Round "3.48"]
[White "Wilk, Maciej"]
[Black "Leczek, Weronika"]
[Result "0-1"]
[WhiteElo "1646"]
[BlackElo "1549"]
[PlyCount "56"]
[EventDate "2012.??.??"]

1. g3 e5 2. Bg2 d5 3. d3 Nf6 4. Nd2 Bf5 5. b3 Nc6 6. Bb2 Bd6 7. e3 Qd7 8. e4
dxe4 9. dxe4 Bg6 10. Ne2 O-O-O 11. h4 Kb8 12. Nc3 Bc5 13. Nc4 Qe7 14. Nd2 Qd7
15. Qe2 Ng4 16. Rf1 Bh5 17. O-O-O Nd4 18. Qc4 Nh2 19. f3 Nxf1 20. Nxf1 Bb6 21.
g4 Bxg4 22. fxg4 Qxg4 23. Bh1 Rd6 24. Qxf7 Rhd8 25. Ne3 Nxb3+ 26. cxb3 Bxe3+
27. Kc2 Rxd1 28. Nd5 Qe2+ 0-1

[Event "XXIII Miedzynarodowy Festiwal Szachowy "]
[Site "Krakow, Hotel Galaxy  ul. Ges"]
[Date "2012.12.29"]
[Round "3.49"]
[White "Snihur, Adam"]
[Black "Ujma, Czeslaw"]
[Result "1-0"]
[WhiteElo "1645"]
[BlackElo "1510"]
[PlyCount "53"]
[EventDate "2012.??.??"]

1. e4 e5 2. Nf3 Nc6 3. Bc4 d6 4. c3 Be7 5. h3 a6 6. Bb3 Nf6 7. d3 O-O 8. O-O d5
9. exd5 Nxd5 10. d4 e4 11. Ne5 Be6 12. Re1 f5 13. Nxc6 bxc6 14. f3 Bh4 15. fxe4
Bxe1 16. exd5 Bf2+ 17. Kxf2 cxd5 18. Bf4 g5 19. Qe2 Re8 20. Be5 Bf7 21. Qf3 c6
22. Qxf5 Rf8 23. Kg1 Rc8 24. Bc2 Bg6 25. Qe6+ Bf7 26. Qh6 Bg6 27. Qg7# 1-0

[Event "XXIII Miedzynarodowy Festiwal Szachowy "]
[Site "Krakow, Hotel Galaxy  ul. Ges"]
[Date "2012.12.29"]
[Round "3.51"]
[White "Krzymionka, Karol"]
[Black "Dobrzanska, Magdalena"]
[Result "1/2-1/2"]
[WhiteElo "1629"]
[BlackElo "1457"]
[PlyCount "25"]
[EventDate "2012.??.??"]

1. e4 d5 2. exd5 Qxd5 3. d4 Nf6 4. Nc3 Qd6 5. h3 c6 6. Nf3 Bf5 7. Bc4 e6 8. Bd2
Be7 9. Qe2 Bxc2 10. O-O Bg6 11. Rfe1 O-O 12. Rad1 Re8 13. Bc1 1/2-1/2

[Event "XXIII Miedzynarodowy Festiwal Szachowy "]
[Site "Krakow, Hotel Galaxy  ul. Ges"]
[Date "2012.12.29"]
[Round "3.53"]
[White "Miszkielo, Bartosz"]
[Black "Hosiawa, Klara"]
[Result "1-0"]
[WhiteElo "1600"]
[BlackElo "1376"]
[PlyCount "33"]
[EventDate "2012.??.??"]

1. e4 e6 2. d4 d5 3. exd5 exd5 4. Bd3 Bd6 5. Nc3 Nf6 6. Bg5 Be6 7. Qd2 Nbd7 8.
f4 Nb8 9. O-O-O Nc6 10. Nf3 O-O 11. Rhe1 a6 12. f5 Bd7 13. Nxd5 Be7 14. Nxe7+
Nxe7 15. Bxf6 gxf6 16. Qh6 Nxf5 17. Qh5 1-0

[Event "XXIII Miedzynarodowy Festiwal Szachowy "]
[Site "Krakow, Hotel Galaxy  ul. Ges"]
[Date "2012.12.29"]
[Round "4.1"]
[White "Stankiewicz, Pawel"]
[Black "Iivonen, Markku"]
[Result "1-0"]
[WhiteElo "2085"]
[BlackElo "2049"]
[PlyCount "93"]
[EventDate "2012.??.??"]

1. e4 d6 2. d4 Nf6 3. Nc3 g6 4. f4 Bg7 5. Nf3 c5 6. d5 O-O 7. Bd3 Qa5 8. O-O c4
9. Be2 b5 10. e5 Ne8 11. a4 b4 12. Ne4 Qb6+ 13. Kh1 Ba6 14. a5 Qc7 15. Ra4 Nd7
16. e6 fxe6 17. Nfg5 Nc5 18. Nxc5 dxc5 19. Nxe6 Qd7 20. Ra2 Rf6 21. Nxc5 Qc7
22. Be3 Rd8 23. Bf3 c3 24. Re1 Rfd6 25. b3 Bb5 26. Bg4 Qb8 27. Be6+ Kh8 28. f5
Rxd5 29. Bxd5 Nf6 30. Qf3 Rxd5 31. fxg6 hxg6 32. Ne6 Rf5 33. Bf4 Qc8 34. Raa1
Bc6 35. Qg3 Qe8 36. Rad1 Nh5 37. Qh3 Qf7 38. Rd8+ Kh7 39. Ng5+ Rxg5 40. Bxg5
Qf2 41. Rc1 Be5 42. Rdd1 Kg7 43. Rf1 Qe2 44. Rce1 Qb5 45. Qe6 Bd4 46. Qf7+ Kh8
47. Qf8+ 1-0

[Event "XXIII Miedzynarodowy Festiwal Szachowy "]
[Site "Krakow, Hotel Galaxy  ul. Ges"]
[Date "2012.12.29"]
[Round "4.2"]
[White "Reza, Wojciech"]
[Black "Francuzov, Alexander"]
[Result "1-0"]
[WhiteElo "2079"]
[BlackElo "2019"]
[PlyCount "95"]
[EventDate "2012.??.??"]

1. e4 c5 2. Nf3 d6 3. Bb5+ Nd7 4. O-O a6 5. Bxd7+ Bxd7 6. d4 cxd4 7. Qxd4 e5 8.
Qd3 Qc7 9. Nc3 Rc8 10. Re1 Qc4 11. Qd1 Nf6 12. Bg5 Be6 13. Nd2 Qc6 14. Bxf6
gxf6 15. Qh5 b5 16. a3 a5 17. Nb3 Qb6 18. Re2 Be7 19. a4 bxa4 20. Rxa4 Bxb3 21.
cxb3 Qxb3 22. Ra1 Rxc3 23. bxc3 Qxc3 24. Rea2 Bd8 25. Qh6 Rg8 26. Qxh7 Rg6 27.
Qh5 Rg5 28. Qd1 f5 29. Qxd6 fxe4 30. Ra3 Qd4 31. Qc6+ Kf8 32. Ra4 Qb2 33. Qxe4
Bb6 34. Qf3 Kg7 35. Rf1 Qd2 36. g3 Bd4 37. Rd1 Bxf2+ 38. Kh1 Qc2 39. Rxa5 Rf5
40. Qd3 Qc6+ 41. Qd5 Qh6 42. Ra2 Qf6 43. Qd6 Qg5 44. Ra8 Kh7 45. Qf8 Qg7 46.
Qxg7+ Kxg7 47. Rf1 e4 48. Re8 1-0

[Event "XXIII Miedzynarodowy Festiwal Szachowy "]
[Site "Krakow, Hotel Galaxy  ul. Ges"]
[Date "2012.12.29"]
[Round "4.3"]
[White "Gora, Jan"]
[Black "Gawronski, Lukasz"]
[Result "1-0"]
[WhiteElo "2000"]
[BlackElo "2069"]
[PlyCount "79"]
[EventDate "2012.??.??"]

1. e4 c5 2. a3 e5 3. Bc4 d6 4. d3 Nf6 5. f4 exf4 6. Bxf4 Be7 7. Nf3 O-O 8. O-O
d5 9. exd5 Nxd5 10. Bxd5 Qxd5 11. Nc3 Qh5 12. Qe1 Nc6 13. Qg3 Be6 14. Ne4 Bd5
15. Rae1 Bxe4 16. Rxe4 Bf6 17. Ne5 Bh4 18. Qh3 f5 19. Ree1 g5 20. Bxg5 Qxg5 21.
Nf3 Qg4 22. Qxh4 Qxh4 23. Nxh4 f4 24. Re4 Rae8 25. Rfxf4 Rxf4 26. Rxe8+ Kf7 27.
Re4 Rf6 28. Nf3 b6 29. c3 Rd6 30. d4 cxd4 31. Nxd4 Na5 32. Rh4 Kg6 33. Rh6+
Kxh6 34. Nf5+ Kg5 35. Nxd6 Kf6 36. b4 Ke6 37. bxa5 Kxd6 38. axb6 axb6 39. Kf2
Kc5 40. Ke3 1-0

[Event "XXIII Miedzynarodowy Festiwal Szachowy "]
[Site "Krakow, Hotel Galaxy  ul. Ges"]
[Date "2012.12.29"]
[Round "4.4"]
[White "Zajac, Mateusz"]
[Black "Horoschavina, Oksana"]
[Result "1-0"]
[WhiteElo "1997"]
[BlackElo "2063"]
[PlyCount "81"]
[EventDate "2012.??.??"]

1. d4 Nf6 2. c4 e6 3. g3 Be7 4. Bg2 d5 5. Nf3 O-O 6. O-O c6 7. Qc2 Nbd7 8. Nbd2
b6 9. e4 dxe4 10. Nxe4 Bb7 11. Rd1 Qc8 12. Nxf6+ Nxf6 13. c5 Nd5 14. Bg5 f6 15.
Bd2 e5 16. b4 a5 17. bxa5 bxc5 18. dxe5 fxe5 19. Rab1 Ba6 20. Nxe5 Bf6 21. Re1
Qc7 22. Qxc5 Bxe5 23. Bxd5+ Kh8 24. Qxc6 Rad8 25. Bb4 Rf6 26. Qxc7 Bxc7 27. Bg2
Rb8 28. Rbc1 h6 29. Rxc7 Rxb4 30. Re8+ Kh7 31. Be4+ Rxe4 32. Rxe4 Rd6 33. Ree7
Rd1+ 34. Kg2 Bf1+ 35. Kf3 Rd3+ 36. Ke4 Ra3 37. Rxg7+ Kh8 38. Rge7 Ra4+ 39. Ke3
Ra3+ 40. Kd2 Rxa2+ 41. Kc3 1-0

[Event "XXIII Miedzynarodowy Festiwal Szachowy "]
[Site "Krakow, Hotel Galaxy  ul. Ges"]
[Date "2012.12.29"]
[Round "4.5"]
[White "Kudas, Damian"]
[Black "Popiol, Michal"]
[Result "0-1"]
[WhiteElo "2083"]
[BlackElo "1859"]
[PlyCount "114"]
[EventDate "2012.??.??"]

1. d4 Nf6 2. Nf3 g6 3. c4 Bg7 4. Nc3 O-O 5. g3 d6 6. Bg2 Nc6 7. d5 Na5 8. Nd2
c5 9. O-O a6 10. a4 Rb8 11. e4 e6 12. Rb1 exd5 13. cxd5 Qc7 14. Qe2 Re8 15. Re1
Bd7 16. Nc4 Nxc4 17. Qxc4 b5 18. axb5 axb5 19. Qb3 b4 20. Ne2 Nxe4 21. Bf4 Nf6
22. Rbc1 Bf5 23. Qc4 Nd7 24. Qb3 Qb6 25. h3 h5 26. Be3 Ne5 27. Nf4 Qb5 28. Bf1
Nf3+ 29. Kh1 Qd7 30. Red1 Be4 31. Bg2 g5 32. Ne6 fxe6 33. Bxc5 dxc5 34. Bxf3
Bxf3+ 35. Qxf3 exd5 36. Rxc5 Qxh3+ 37. Kg1 Re5 38. Rcxd5 Rbe8 39. Rxe5 Rxe5 40.
Qb3+ Kh7 41. Qxb4 Qf5 42. Qd2 Rb5 43. Qe2 g4 44. Rd2 Re5 45. Qd1 Qe4 46. b3 Ra5
47. Rd7 Qf5 48. Qd3 Ra1+ 49. Kg2 Qxd3 50. Rxd3 Kg6 51. f3 Ra2+ 52. Kg1 Be5 53.
fxg4 hxg4 54. Kf1 Kf5 55. Re3 Ra3 56. Rd3 Ke4 57. Rd8 Rxb3 0-1

[Event "XXIII Miedzynarodowy Festiwal Szachowy "]
[Site "Krakow, Hotel Galaxy  ul. Ges"]
[Date "2012.12.29"]
[Round "4.7"]
[White "Kalinina, Marianna"]
[Black "Sleczka, Bartosz"]
[Result "1/2-1/2"]
[WhiteElo "2051"]
[BlackElo "1920"]
[PlyCount "94"]
[EventDate "2012.??.??"]

1. e4 d6 2. d4 g6 3. Nc3 Nf6 4. Nf3 Bg7 5. Be2 O-O 6. O-O e5 7. h3 Nc6 8. Be3
a6 9. a4 exd4 10. Nxd4 Bd7 11. f4 Re8 12. Bf3 Nxd4 13. Bxd4 Bc6 14. Qd3 Nd7 15.
Bxg7 Kxg7 16. b4 Qf6 17. Rad1 Nb6 18. b5 axb5 19. axb5 Bd7 20. Nd5 Nxd5 21.
Qxd5 Qxf4 22. Bg4 Qe3+ 23. Kh1 Be6 24. Bxe6 fxe6 25. Qxb7 Qa7 26. Qc6 Re7 27.
Qc3+ e5 28. Qf3 Rae8 29. c4 Qb8 30. Qf6+ Kg8 31. h4 Qd8 32. c5 Rd7 33. c6 Qxf6
34. Rxf6 Rde7 35. h5 Kg7 36. Rf3 Rb8 37. Rb1 Rb6 38. hxg6 hxg6 39. Ra3 Re8 40.
Ra7 Rc8 41. Rd1 Kf6 42. Rd5 Kg5 43. g3 Kg4 44. Kg2 g5 45. Ra2 Rcb8 46. Ra5 Rf8
47. Ra3 Rfb8 1/2-1/2

[Event "XXIII Miedzynarodowy Festiwal Szachowy "]
[Site "Krakow, Hotel Galaxy  ul. Ges"]
[Date "2012.12.29"]
[Round "4.8"]
[White "Valkovoj, Alexandr"]
[Black "Muhtarov, Leonid"]
[Result "0-1"]
[WhiteElo "1855"]
[BlackElo "2097"]
[PlyCount "56"]
[EventDate "2012.??.??"]

1. d4 Nf6 2. Nf3 g6 3. Bf4 Bg7 4. Nbd2 d6 5. h3 O-O 6. e4 Nbd7 7. Bc4 Nh5 8.
Bh2 e5 9. c3 Qf6 10. g4 Nf4 11. g5 Qe7 12. Bxf4 exf4 13. Qe2 c5 14. Bb3 a5 15.
a3 a4 16. Ba2 b5 17. Bd5 Rb8 18. h4 Ba6 19. h5 Rfc8 20. Rh4 cxd4 21. cxd4 Nb6
22. hxg6 hxg6 23. Ba2 Rc2 24. Rxf4 Nc4 25. b3 Nxd2 26. Nxd2 Qxg5 27. Rg4 Qh6
28. Bb1 Rc1+ 0-1

[Event "XXIII Miedzynarodowy Festiwal Szachowy "]
[Site "Krakow, Hotel Galaxy  ul. Ges"]
[Date "2012.12.29"]
[Round "4.9"]
[White "Ociepka, Tomasz"]
[Black "Slabek, Grzegorz"]
[Result "0-1"]
[WhiteElo "1852"]
[BlackElo "2074"]
[PlyCount "94"]
[EventDate "2012.??.??"]

1. e4 d5 2. exd5 Nf6 3. Bb5+ Bd7 4. Be2 Nxd5 5. d4 Bf5 6. Nf3 e6 7. O-O Be7 8.
a3 O-O 9. c4 Nf6 10. Nc3 h6 11. h3 Nbd7 12. Bf4 Ne4 13. Nxe4 Bxe4 14. Nd2 Bf5
15. b4 Bf6 16. Nb3 e5 17. Be3 exd4 18. Nxd4 Be4 19. Ra2 a5 20. Rd2 axb4 21. Nb3
Bf5 22. g4 Be6 23. Nc5 Nxc5 24. Rxd8 Rfxd8 25. Qb1 bxa3 26. Bxc5 a2 27. Qxb7
a1=Q 28. Rxa1 Rxa1+ 29. Kg2 Rd2 30. Bf3 Bxc4 31. Qxc7 Bf1+ 32. Kg3 Re1 33. Be3
Rd8 34. Qa5 Ra1 35. Qc7 g5 36. Be4 Re8 37. Qc6 Re6 38. Qc8+ Kg7 39. Bd5 Be5+
40. Kf3 Rf6+ 41. Ke4 Bb2 42. Qc2 Bg2+ 43. Kd3 Ra3+ 44. Kc4 Rc3+ 45. Qxc3 Bxd5+
46. Kd3 Bxc3 47. Kxc3 Rc6+ 0-1

[Event "XXIII Miedzynarodowy Festiwal Szachowy "]
[Site "Krakow, Hotel Galaxy  ul. Ges"]
[Date "2012.12.29"]
[Round "4.11"]
[White "Hodorowicz, Kamil"]
[Black "Kawula, Andrzej"]
[Result "0-1"]
[WhiteElo "1841"]
[BlackElo "1996"]
[PlyCount "80"]
[EventDate "2012.??.??"]

1. d4 e6 2. c4 f5 3. g3 Nf6 4. Bg2 d5 5. Nf3 Be7 6. O-O O-O 7. Nc3 c6 8. Bf4
Ne4 9. h4 Nd7 10. Nxe4 fxe4 11. Ng5 Nb6 12. c5 Nc4 13. Qc2 b5 14. a4 h6 15. Nh3
Bf6 16. Rfd1 e5 17. dxe5 Nxe5 18. axb5 cxb5 19. Bxe4 Bxh3 20. Bxd5+ Kh8 21. Be6
Bxe6 22. Rxd8 Rfxd8 23. Bxe5 Bxe5 24. Qe4 Bxb2 25. Rb1 Bd5 26. Qf5 Bc6 27. g4
Bc3 28. g5 b4 29. gxh6 gxh6 30. Qe6 Bd5 31. Qxh6+ Kg8 32. Qg6+ Bg7 33. h5 Bf7
34. Qg4 Rd4 35. Qg2 Bd5 36. Qg5 Be6 37. f4 Rd5 38. Qg2 Kh8 39. Rxb4 Rg8 40. Qe4
Bd4+ 0-1

[Event "XXIII Miedzynarodowy Festiwal Szachowy "]
[Site "Krakow, Hotel Galaxy  ul. Ges"]
[Date "2012.12.29"]
[Round "4.12"]
[White "Puczylowski, Marcin"]
[Black "Gregulski, Zbigniew"]
[Result "1-0"]
[WhiteElo "1991"]
[BlackElo "1841"]
[PlyCount "73"]
[EventDate "2012.??.??"]

1. e4 c6 2. d4 d5 3. exd5 cxd5 4. c4 Nf6 5. Nc3 e6 6. Nf3 Nc6 7. Bf4 Be7 8. c5
O-O 9. Bb5 Ne8 10. O-O Bd7 11. Re1 b6 12. Bxc6 Bxc6 13. b4 bxc5 14. dxc5 Bf6
15. Nd4 Rc8 16. Rc1 a6 17. a4 Bd7 18. Qd3 a5 19. Ncb5 Bxd4 20. Nxd4 Bxa4 21. b5
Qd7 22. c6 Qa7 23. Be3 Qb8 24. Rb1 Nd6 25. Qa3 Bxb5 26. Nxb5 Nxb5 27. Qxa5 Rxc6
28. Rxb5 Qc8 29. Bf4 Rc4 30. g3 h5 31. Rb8 Qd7 32. Rxf8+ Kxf8 33. Rb1 Rc8 34.
Qa6 Kg8 35. Qxc8+ Qxc8 36. Rb8 Qxb8 37. Bxb8 1-0

[Event "XXIII Miedzynarodowy Festiwal Szachowy "]
[Site "Krakow, Hotel Galaxy  ul. Ges"]
[Date "2012.12.29"]
[Round "4.13"]
[White "Parol, Pawel"]
[Black "Zaboklicki, Zbigniew"]
[Result "1-0"]
[WhiteElo "1984"]
[BlackElo "1835"]
[PlyCount "85"]
[EventDate "2012.??.??"]

1. e4 c5 2. Nf3 Nc6 3. c4 Nf6 4. Nc3 e6 5. Be2 Be7 6. O-O O-O 7. d4 cxd4 8.
Nxd4 Nxd4 9. Qxd4 d6 10. Be3 b6 11. Rfd1 Bb7 12. f3 Qb8 13. Qd2 Rd8 14. Bf1 Bc6
15. Qf2 d5 16. exd5 exd5 17. a4 Bd6 18. Qh4 Bc5 19. Bxc5 bxc5 20. cxd5 Nxd5 21.
Ne4 Ne3 22. Rxd8+ Qxd8 23. Qxd8+ Rxd8 24. Nxc5 Rd2 25. b4 f5 26. b5 Bd5 27. Rb1
f4 28. a5 Rc2 29. Nd7 Ra2 30. a6 Rd2 31. Ne5 Re2 32. Rc1 h6 33. Nc6 g5 34. Nxa7
Rb2 35. Nc6 Kg7 36. a7 Ra2 37. b6 Bxc6 38. Rxc6 Ra1 39. Kf2 Rxf1+ 40. Ke2 Ra1
41. b7 Ra2+ 42. Kd3 Ra3+ 43. Rc3 1-0

[Event "XXIII Miedzynarodowy Festiwal Szachowy "]
[Site "Krakow, Hotel Galaxy  ul. Ges"]
[Date "2012.12.29"]
[Round "4.14"]
[White "Suliborski, Jakub"]
[Black "Rychlik, Bogdan"]
[Result "1-0"]
[WhiteElo "1979"]
[BlackElo "1829"]
[PlyCount "71"]
[EventDate "2012.??.??"]

1. e4 c5 2. Nf3 a6 3. c3 d6 4. Bd3 g6 5. O-O Bg7 6. Bc2 Nc6 7. d3 e6 8. Be3
Nge7 9. Nbd2 O-O 10. Ne1 b5 11. Rc1 Rb8 12. f4 e5 13. Nef3 Bd7 14. Qe1 exf4 15.
Bxf4 Ne5 16. Qg3 N7c6 17. Bg5 Qb6 18. Kh1 Be6 19. Qh4 h5 20. a3 a5 21. Be3 Ng4
22. Bg1 b4 23. axb4 axb4 24. h3 Nf6 25. d4 Bd7 26. Nc4 Qa6 27. Nxd6 bxc3 28.
bxc3 Rb2 29. Nd2 cxd4 30. cxd4 Nb4 31. Rxf6 Nxc2 32. N2c4 Ra2 33. Qf4 Bxf6 34.
Qxf6 Qa4 35. Bh2 Nxd4 36. Be5 1-0

[Event "XXIII Miedzynarodowy Festiwal Szachowy "]
[Site "Krakow, Hotel Galaxy  ul. Ges"]
[Date "2012.12.29"]
[Round "4.15"]
[White "Jajte-pachota, Maciej"]
[Black "Kardys, Zbigniew"]
[Result "1-0"]
[WhiteElo "1835"]
[BlackElo "1978"]
[PlyCount "73"]
[EventDate "2012.??.??"]

1. c4 c5 2. g3 Nc6 3. Bg2 g6 4. Nc3 Bg7 5. b3 Nf6 6. Bb2 O-O 7. Nd5 e6 8. Nxf6+
Bxf6 9. Bxf6 Qxf6 10. Nf3 e5 11. d3 d6 12. O-O Be6 13. Qd2 Rad8 14. Ng5 d5 15.
h4 b6 16. h5 Nd4 17. hxg6 hxg6 18. cxd5 Bxd5 19. Bxd5 Rxd5 20. Kg2 Ne6 21. Ne4
Qg7 22. Rh1 Rd4 23. Rh3 Rfd8 24. Rah1 Nf4+ 25. gxf4 Rxe4 26. fxe5 Rxe5 27. Qf4
Rh5 28. Rxh5 gxh5+ 29. Kf3 Qg6 30. Rh3 Rd4 31. Qb8+ Kh7 32. Rg3 Rg4 33. Qxa7
Qf5+ 34. Kg2 h4 35. Rxg4 Qxg4+ 36. Kh2 Qf4+ 37. Kg2 1-0

[Event "XXIII Miedzynarodowy Festiwal Szachowy "]
[Site "Krakow, Hotel Galaxy  ul. Ges"]
[Date "2012.12.29"]
[Round "4.19"]
[White "Gumularz, Szymon"]
[Black "Mirski, Michal"]
[Result "1-0"]
[WhiteElo "1762"]
[BlackElo "1918"]
[PlyCount "71"]
[EventDate "2012.??.??"]

1. e4 c5 2. Nf3 d6 3. d4 cxd4 4. Qxd4 a6 5. c4 Nc6 6. Qe3 Nf6 7. Nc3 Ng4 8. Qd2
e6 9. Be2 Be7 10. O-O Bd7 11. b3 Nce5 12. Nxe5 Nxe5 13. Bb2 O-O 14. Rad1 Bc6
15. f4 Nd7 16. Nd5 Bxd5 17. exd5 e5 18. fxe5 Nxe5 19. Bxe5 dxe5 20. d6 Qb6+ 21.
Kh1 Rfd8 22. Qd5 Bxd6 23. Rxf7 Kh8 24. Qxb7 Qxb7 25. Rxb7 Bc5 26. Rxd8+ Rxd8
27. h3 e4 28. Rc7 Bf2 29. g4 g6 30. Kg2 e3 31. c5 Rd2 32. Kf3 Rxa2 33. c6 Rc2
34. Rc8+ Kg7 35. c7 Be1 36. Bc4 1-0

[Event "XXIII Miedzynarodowy Festiwal Szachowy "]
[Site "Krakow, Hotel Galaxy  ul. Ges"]
[Date "2012.12.29"]
[Round "4.21"]
[White "Klimentov, Evgeny"]
[Black "Tavakalov, Stanislav"]
[Result "1-0"]
[WhiteElo "1896"]
[BlackElo "1772"]
[PlyCount "79"]
[EventDate "2012.??.??"]

1. e4 e6 2. d4 d5 3. Nc3 Nf6 4. Bg5 Bb4 5. e5 h6 6. Bd2 Bxc3 7. bxc3 Ne4 8. Nf3
c5 9. Bd3 Nxd2 10. Qxd2 Nc6 11. O-O O-O 12. Rab1 a6 13. Qe3 cxd4 14. cxd4 b5
15. Nd2 Na5 16. c3 Bd7 17. f4 Rc8 18. f5 exf5 19. Bxf5 Be6 20. Rf3 Qc7 21. Bc2
Nc4 22. Qd3 g6 23. Rbf1 b4 24. Rf6 Kh8 25. Nxc4 Qxc4 26. Qe3 Kg7 27. Qg3 Kh8
28. Qf4 Kg7 29. Bxg6 fxg6 30. Rxf8 Qxf1+ 31. Qxf1 Rxf8 32. Qxa6 Bc8 33. Qc6
bxc3 34. Qxc3 Ba6 35. h3 Bc4 36. Qa5 Rf7 37. a4 h5 38. Qc5 Rf8 39. e6 Re8 40.
Qc7+ 1-0

[Event "XXIII Miedzynarodowy Festiwal Szachowy "]
[Site "Krakow, Hotel Galaxy  ul. Ges"]
[Date "2012.12.29"]
[Round "4.25"]
[White "Mintenko, Heorhiy"]
[Black "Sawczuk, Czeslaw"]
[Result "1-0"]
[WhiteElo "2088"]
[BlackElo "1806"]
[PlyCount "97"]
[EventDate "2012.??.??"]

1. Nf3 d5 2. c4 e6 3. g3 c6 4. Bg2 Nf6 5. O-O Be7 6. d4 O-O 7. b3 b6 8. Bb2 Bb7
9. Nbd2 Nbd7 10. Ne5 c5 11. e3 Rc8 12. Rc1 Bd6 13. Re1 Rc7 14. Rc2 Qa8 15. Qa1
cxd4 16. exd4 Rfc8 17. Rec1 Bb4 18. a3 Bxd2 19. Rxd2 Nxe5 20. dxe5 Nd7 21. cxd5
Rxc1+ 22. Bxc1 exd5 23. Bb2 Nc5 24. Qd1 Rd8 25. b4 Ne6 26. f4 g6 27. Bh3 Bc8
28. Bg2 Bb7 29. h4 b5 30. Qf3 Rd7 31. f5 Nf8 32. Bh3 d4 33. Qf4 Qd8 34. fxg6
Nxg6 35. Qg4 Bc8 36. e6 Rc7 37. Rxd4 Qe7 38. Rd2 Rc4 39. Qf3 fxe6 40. Bf6 Qf7
41. Rd8+ Nf8 42. Bf1 Bb7 43. Qf2 Rg4 44. Bxb5 Rg6 45. Bd4 Qe7 46. Re8 Qf7 47.
Rb8 Be4 48. Qxf7+ Kxf7 49. Be8+ 1-0

[Event "XXIII Miedzynarodowy Festiwal Szachowy "]
[Site "Krakow, Hotel Galaxy  ul. Ges"]
[Date "2012.12.29"]
[Round "4.26"]
[White "Drop, Szymon"]
[Black "Puuska, Heini"]
[Result "0-1"]
[WhiteElo "1803"]
[BlackElo "1984"]
[PlyCount "116"]
[EventDate "2012.??.??"]

1. e4 g6 2. d4 Bg7 3. Nf3 d6 4. Nc3 a6 5. Bd3 b5 6. a3 Nd7 7. O-O c5 8. Be3
cxd4 9. Bxd4 Ngf6 10. e5 dxe5 11. Nxe5 Nxe5 12. Bxe5 O-O 13. Qf3 Ra7 14. Rad1
Bg4 15. Qe3 Rd7 16. Be2 Bf5 17. Rxd7 Qxd7 18. Rd1 Qe6 19. Rd2 Ng4 20. Bxg4 Qxe5
21. Qxe5 Bxe5 22. Bxf5 Bxc3 23. bxc3 gxf5 24. a4 Rc8 25. axb5 axb5 26. Rd5 Rxc3
27. Rxb5 Rxc2 28. g4 fxg4 29. Rg5+ Kf8 30. Rxg4 Rc6 31. Ra4 Kg7 32. Ra2 Rg6+
33. Kf1 e5 34. Ra3 h5 35. Rf3 f6 36. Ra3 Rg4 37. f3 Rb4 38. Kg2 Kg6 39. Ra2 Kg5
40. Rc2 Kf4 41. Ra2 Rd4 42. Rb2 f5 43. Ra2 Ke3 44. Ra3+ Rd3 45. Ra5 Rd2+ 46.
Kg3 f4+ 47. Kh3 Kd4 48. Ra6 Rf2 49. Ra4+ Kd5 50. Ra3 Kd4 51. Ra4+ Kd3 52. Ra3+
Ke2 53. Ra5 Rxf3+ 54. Kh4 Re3 55. Kxh5 f3 56. Ra2+ Kf1 57. Kg4 f2 58. h4 Kg1
0-1

[Event "XXIII Miedzynarodowy Festiwal Szachowy "]
[Site "Krakow, Hotel Galaxy  ul. Ges"]
[Date "2012.12.29"]
[Round "4.27"]
[White "Kuspak, Aleksander"]
[Black "Lis, Mateusz"]
[Result "1-0"]
[WhiteElo "1918"]
[BlackElo "1681"]
[PlyCount "53"]
[EventDate "2012.??.??"]

1. e4 c5 2. Nf3 e6 3. d4 cxd4 4. Nxd4 a6 5. Bd3 Nf6 6. O-O Qc7 7. Qe2 d6 8. c4
g6 9. Nc3 Bg7 10. Be3 Nbd7 11. f4 O-O 12. Rad1 b6 13. Nb3 Bb7 14. g4 Qc6 15. g5
Ne8 16. Nd4 Bxd4 17. Bxd4 e5 18. Nd5 Kh8 19. fxe5 dxe5 20. Bc3 Qc5+ 21. Kh1
Bxd5 22. exd5 Qe7 23. Qe3 Ng7 24. a3 a5 25. Rf2 Rad8 26. Be4 f5 27. d6 1-0

[Event "XXIII Miedzynarodowy Festiwal Szachowy "]
[Site "Krakow, Hotel Galaxy  ul. Ges"]
[Date "2012.12.29"]
[Round "4.28"]
[White "Sajtyna, Krzysztof"]
[Black "Sliwicka, Alicja"]
[Result "1/2-1/2"]
[WhiteElo "1917"]
[BlackElo "1772"]
[PlyCount "66"]
[EventDate "2012.??.??"]

1. c4 c5 2. Nc3 g6 3. b3 Bg7 4. Bb2 e6 5. e3 Nc6 6. Nf3 Nge7 7. a3 Nf5 8. Qc2
O-O 9. Bd3 d6 10. Bxf5 gxf5 11. O-O b6 12. Ne2 e5 13. d4 Qc7 14. dxe5 dxe5 15.
Rfd1 h6 16. Nc3 Be6 17. Nd5 Qb7 18. Nh4 Qc8 19. Rd2 Re8 20. Rad1 Ne7 21. Nxe7+
Rxe7 22. f4 e4 23. Bxg7 Kxg7 24. Qc3+ f6 25. Rd6 Qf8 26. Rxe6 Rxe6 27. Rd7+ Kg8
28. Nxf5 Kh8 29. Qe1 Qe8 30. Rg7 Qh5 31. g4 Qh3 32. Rg6 h5 33. Rh6+ Kg8 1/2-1/2

[Event "XXIII Miedzynarodowy Festiwal Szachowy "]
[Site "Krakow, Hotel Galaxy  ul. Ges"]
[Date "2012.12.29"]
[Round "4.29"]
[White "Parol, Pola"]
[Black "Svanholm, Borge Waaktaar"]
[Result "1/2-1/2"]
[WhiteElo "1549"]
[BlackElo "1906"]
[PlyCount "60"]
[EventDate "2012.??.??"]

1. e4 c5 2. Nf3 d6 3. d4 cxd4 4. Nxd4 Nf6 5. f3 g6 6. c4 Bg7 7. Nc3 Nc6 8. Be3
O-O 9. Qd2 Nxd4 10. Bxd4 Be6 11. Be2 a6 12. O-O Rc8 13. Nd5 Bxd5 14. exd5 Qd7
15. b3 b5 16. Rab1 Rb8 17. Qe3 Rfe8 18. f4 bxc4 19. bxc4 Rxb1 20. Rxb1 Ng4 21.
Bxg4 Qxg4 22. Bxg7 Kxg7 23. h3 Qd7 24. Rb6 Qa4 25. Qc3+ Kg8 26. Qb3 Qa5 27. Rb8
Rxb8 28. Qxb8+ Kg7 29. Qb2+ Kg8 30. Qb8+ Kg7 1/2-1/2

[Event "XXIII Miedzynarodowy Festiwal Szachowy "]
[Site "Krakow, Hotel Galaxy  ul. Ges"]
[Date "2012.12.29"]
[Round "4.32"]
[White "Markiewicz, Mateusz"]
[Black "Madej, Roman"]
[Result "1-0"]
[WhiteElo "2069"]
[BlackElo "1609"]
[PlyCount "67"]
[EventDate "2012.??.??"]

1. e4 c6 2. d4 d5 3. Nd2 dxe4 4. Nxe4 Nd7 5. Nf3 Ngf6 6. Ng3 e6 7. Bd3 Bd6 8.
O-O O-O 9. c4 c5 10. Bc2 cxd4 11. Nxd4 Bc5 12. Nb3 b6 13. Qf3 Ba6 14. Nxc5 Nxc5
15. Rd1 Qc7 16. Nh5 Qe5 17. Nxf6+ Qxf6 18. Qxf6 gxf6 19. b4 Bxc4 20. bxc5 bxc5
21. Bb2 e5 22. Ba3 Rfc8 23. Bf5 Rd8 24. Bxc5 Bxa2 25. Be7 Rxd1+ 26. Rxd1 Kg7
27. Rd3 Be6 28. Rg3+ Kh6 29. Bxe6 fxe6 30. Bxf6 Rc8 31. h4 a5 32. Kh2 Rc7 33.
Kh3 a4 34. Bxe5 1-0

[Event "XXIII Miedzynarodowy Festiwal Szachowy "]
[Site "Krakow, Hotel Galaxy  ul. Ges"]
[Date "2012.12.29"]
[Round "4.33"]
[White "Lewczuk, Antoni"]
[Black "Grochulski, Grzegorz"]
[Result "0-1"]
[WhiteElo "1604"]
[BlackElo "2067"]
[PlyCount "106"]
[EventDate "2012.??.??"]

1. c4 e5 2. b3 Nf6 3. Bb2 Bc5 4. e3 d6 5. Ne2 Nc6 6. a3 a5 7. g3 e4 8. Bg2 O-O
9. O-O Bf5 10. Nbc3 Re8 11. Nf4 Ne5 12. Ra2 c6 13. d4 exd3 14. e4 Bg4 15. Qd2
Nf3+ 16. Bxf3 Bxf3 17. Qxd3 Bxe4 18. Nxe4 Nxe4 19. Kg2 Qg5 20. Bc1 Qe5 21. Bb2
Qg5 22. Bc1 Qd8 23. Re2 Nf6 24. Rfe1 Qb6 25. Bb2 Rxe2 26. Rxe2 Ng4 27. Nh3 Ne5
28. Qc3 f6 29. f4 Ng4 30. Kf3 Nh6 31. Ng5 Nf5 32. Ne6 Re8 33. Nxc5 Rxe2 34.
Kxe2 dxc5 35. Kf3 Nd4+ 36. Kg4 Qxb3 37. Qxa5 Qf3+ 38. Kh3 Qf1+ 39. Kh4 Nf3+ 40.
Kg4 Nxh2+ 41. Kh4 Nf3+ 42. Kg4 h5+ 43. Kf5 Qd3+ 44. Ke6 Qxc4+ 45. Kd7 Nd4 46.
Qd8+ Kh7 47. Qe8 Qd5+ 48. Kc7 Nb5+ 49. Kb6 Nd6 50. Qe2 c4 51. a4 c5 52. Ka7 b5
53. Kb6 bxa4 0-1